000 00296nam a22001337a 4500
008 170420b xxu||||| |||| 00| 0 eng d
020 _a9780073403465
041 _aeng
080 _24 ed
_a573
100 _a11
101 _ashm
245 _aCONCEPTS IN BIOLOGY
_cENGER.E.D
942 _2udc
_cBK
999 _c11316
_d11316